Cultive girasol /

Guardado en:
Autor Corporativo: Ministerio de agricultura y cría
Formato: Libro
Idioma:Spanish
Publicado: Caracas, 1977.
Etiquetas: Agregar Etiqueta
Sin Etiquetas, Sea el primero en etiquetar este registro!
LEADER 00455nam a22001455a 4500
001 EUN.um043876
003 AR-BaUNS
005 20050623122913.0
008 041125s1977####ve#a##########000#0#spa#d
245 1 0 |a Cultive girasol /  |c Ministerio de agricultura y cría. 
260 |a Caracas,  |c 1977. 
300 |a 19 p. :  |b ilus. ;  |c 22 cm. 
082 0 4 |a 633.8 
110 2 |a Ministerio de agricultura y cría  |c Venezuela. 
859 |a Ar-BaUNS  |b BIB. CENTRAL - Sector C  |h 633.8  |i V556  |p 78534/977